Länder i EU - Statistics

General Stats
  • This quiz has been taken 23 times
  • The average score is 20 of 27
Answer Stats
Länder % Correct
Finland
92%
Nederländerna
92%
Spanien
92%
Sverige
92%
Cypern
85%
Frankrike
85%
Italien
85%
Kroatien
85%
Lettland
85%
Polen
85%
Portugal
85%
Tyskland
85%
Danmark
77%
Litauen
77%
Malta
77%
Belgien
69%
Bulgarien
69%
Estland
69%
Grekland
69%
Irland
69%
Luxembourg
69%
Österrike
69%
Slovakien
69%
Slovenien
69%
Tjeckien
62%
Ungern
62%
Romumänien
8%
No matching quizzes found
Score Distribution
Percent of People with Each Score
Percentile by Number Answered
Your Score History
You have not taken this quiz